000 nam a22 7a 4500
999 _c8337
_d8337
008 180108b ||||| |||| 00| 0 eng d
100 _94751
_a SHAKESPEARE.W
245 _aMACBETH
260 _aNEW DELHI
_bHAR-ANAND
_c2017